| 000 | 00538nam a22001817a 4500 | ||
|---|---|---|---|
| 005 | 20231116101214.0 | ||
| 008 | 231116b |||||||| |||| 00| 0 eng d | ||
| 020 | _a0702136476 | ||
| 041 | _aEnglish | ||
| 082 | _a343.9 COO | ||
| 100 |
_aCooper, WE _lEnglish |
||
| 245 |
_aDelictual Liability in Motor Law / _cWE Cooper |
||
| 250 | _aRevised Edition | ||
| 260 |
_aCape Town : _bJuta and Company Ltd, _c1996 |
||
| 300 |
_blx, 519 pages ; _c26 cm. |
||
| 650 |
_aLegal practice _bLaw |
||
| 942 |
_cBK _6ALISON_BN_VRIES |
||
| 999 |
_c721 _d721 |
||